Colleges with Highest SAT Scores Quiz Stats

 Plays Quiz not verified by Sporcle

Score 0/30 Timer 10:00
0 Plays Today
rank College % Correct
3Harvard University
98.9%
2Yale University
96.8%
4Princeton University
90.7%
13Brown University
86.3%
12Stanford University
85.4%
7Massachusetts Institute of Technology
84.2%
24Cornell University
77.5%
14Columbia University
77.5%
18University of Pennsylvania
77.5%
9Dartmouth College
74.6%
11Duke University
67.3%
8California Institute of Technology
57.6%
20Northwestern University
52.8%
15University of Chicago
52.1%
10Washington University (St Louis)
46.2%
rank College % Correct
25University of Notre Dame
42.9%
29Vanderbilt University
42.3%
16Rice University
39.2%
22Johns Hopkins University
35.3%
19Amherst College
31.3%
21Williams College
30.7%
28Carnegie Mellon University
27.1%
26Tufts University
27%
17Swarthmore College
19.9%
23Bowdoin College
16.8%
6Pomona College
16.6%
5Harvey Mudd College
15.2%
27Claremont McKenna College
10.8%
1Franklin W. Olin College of Engineering
8%
30St Tikhon's Orthodox Theological Seminary
0.9%

You're not logged in!

Compare scores with friends on all Sporcle quizzes.
OR
Log In

Show Comments

Extras

Top Quizzes Today


Score Distribution

Your Account Isn't Verified!

In order to create a playlist on Sporcle, you need to verify the email address you used during registration. Go to your Sporcle Settings to finish the process.

Report this User

Report this user for behavior that violates our Community Guidelines.

Details: